Electromagnetic compatibility 1999 supplement : 13th internetional Zurich symposium and technical exhibition. Zurich, Switzeland. 16.- 18. Feb. 1999

Salvato in:
Dettagli Bibliografici
Natura: Libro
Lingua:inglese
Pubblicazione: Zurich : EMC, 1999
Soggetti:
Tags: Aggiungi Tag
Nessun Tag, puoi essere il primo ad aggiungerne!!

MARC

LEADER 00000nam a22000003a 4500
001 stu49376
005 20141122031126.3
008 990329s1999------------------------eng-d
020 |a 3-9521199-4-6 
040 |a STU  |b slo 
041 0 |a eng 
080 |a 621.3.018.2 
080 |a 621.391.82 
080 |a 621.38 
080 |a 061.3(08) 
084 |a B5230  |2 INS 
245 |a Electromagnetic compatibility 1999 supplement :  |b 13th internetional Zurich symposium and technical exhibition. Zurich, Switzeland. 16.- 18. Feb. 1999 
260 |a Zurich :  |b EMC,  |c 1999 
300 |a 254 s 
650 7 |a elektromagnetická kompatibilita  |2 stusub 
996 |b 284EK82564  |c E*82564  |l EE12  |s P  |a 0  |w stu49376_0001